| 000 | 00436nam a22001577a 4500 | ||
|---|---|---|---|
| 999 |
_c5554 _d5554 |
||
| 003 | GBCCL | ||
| 005 | 20241126110544.0 | ||
| 008 | 180327b ||||| |||| 00| 0 eng d | ||
| 040 | _cgbc | ||
| 082 |
_a248.4 _bNEW |
||
| 245 |
_aA Spiritual fitness programme: _bNew topical memory system |
||
| 260 |
_aSingapore: _bNavigators, _c1969 |
||
| 300 |
_a26 p.; _bill., _c19 cm. |
||
| 650 |
_aSpirituality _vChristian life _99818 |
||
| 942 |
_2ddc _cBK _01 |
||